01991cam a22002891i 4500001001300000003000400013005001700017008004100034010001700075035001900092040004200111050001500153110004100168245023500209260002500444300003300469500001800502500021100520500004000731505077200771650002501543650002601568650002101594700003301615710003601648999001701684e 38000165 DLC20260227111227.0780314s1937 ohuab f000 0 eng c ae 38000165  a(OCoLC)3716890 aU.S. Off. of Educ. LibrarycDNIEdDLC00aLA346b.U51 aUnited States.bOffice of Education.12aA study of the public schools of county,bwith recommendations for their future organization.cOhio study of local school units, sponsored by the United States Office of Education [and] the Ohio state Department of education. aColumbus, O.,c1937. a88 v.bmaps, tables.c28 cm. aMimeographed. a"In 1935 the Works' progress administration provided funds to the U.S.Office of education for studies of school organization in ten states. Ohio was selected as one of these ten states." Field 13 added ed aD.H.Sutton, state project director.0 aAdams, Allen, Ashland, Astabula, Athens, Auglaize, Belmont, Brown, Butler, Carroll, Champaign, Clark, Clermont, Clinton, Columbiana, Coshocton, Crawford, Cuyahoga, Darke, Defiance, Delaware, Erie, Fairfield, Fayette, Franklin, Fulton, Gallia, Geauga, Greene, Guernsey, Hamilton, Hancock, Hardin, Harrison, Henry, Highland, Hocking, Holmes, Huron, Jackson, Jefferson, Knox, Lake, Lawrence, Licking, Logan, Lorain, Lucas, Madison, Mahoning, Marion, Medina, Meigs, Mercer, Miami, Monroe, Montgomery, Morgan, Morrow, Muskingum, Noble, Ottawa, Paulding, Perry, Pickaway, Pike, Portage, Preble, Putnam, Richland, Ross, Sandusky, Sciota, Seneca, Shelby, Stark, Summit, Trumbull, Tuscarawas, Union, Van Wert, Vinton, Warren, Washington, Wayne, Williams, Wood, Wyandot county. 0aEducational surveys. 0aPublic schoolszOhio. 0aEducationzOhio.1 aSutton, D. H.q(David Homer)1 aOhio.bDepartment of Education. c21591d21591